00354nam a2200121Ia 4500008004100000040001700041041001200058082001700070100002100087245006900108260004400177300001100221230917s9999||||xx |||||||||||||| ||und|| e132664aMAIN aEnglish a658.15 M356F aMarshall, John F 0aFinancial engineering: A complete guide to financial innovations aNew DelhibPrentice-Hall of Indiac2006 a728 p.